| 000 | 03956nam a2200277 4500 | ||
|---|---|---|---|
| 003 | DO-SdBJH | ||
| 005 | 20260330214454.0 | ||
| 008 | 260320b2025 |||d|||| |||| 00| 0 spa d | ||
| 040 |
_aDO-SdBJH _bspa _cDO-SdBJH |
||
| 041 | 0 | _aspa | |
| 090 |
_aCT MA-DHIH 0005 EGDDHH _bEGDDHH 2025 |
||
| 100 | 1 |
_esustentante _aDarromi Reyes, Antonio Jesús |
|
| 245 | 1 | 0 |
_aJurisdicción militar, garantía y protección de los derechos fundamentales de los miembros de las fuerzas armadas en : _bRepublica Dominicana / _cJesús Antonio Darromi Reyes ; asesor de contenido José Ovalle Mella ; asesor metodológico Kelvin Encarnación Gonzáles |
| 260 |
_aSanto Domingo, República Dominicana : _bUNADE, _c2025. |
||
| 300 |
_axv,118 páginas : _bilustraciones. |
||
| 502 | _aTesis y trabajo de grado (Maestría en Derechos Humanos y Derechos Internacional Humanitario)-- Universidad Nacional para la Defensa "General Juan Pablo Duarte y Díez", Escuela de Graduados de Derechos Humanos y Derecho Internacional Humanitario, Santo Domingo, 2025. | ||
| 504 | _aIncluye referencias bibliográficas, apéndices y anexos. | ||
| 505 | _aRelación entre la jurisdicción militar en las Fuerzas Armadas de Republica Dominicana y marco legal para la protección de los derechos fundamentales de los miembros-- Aplicación de los derechos humanos, derechos fundamentales en los miembros de las Fuerzas Armadas respecto a la jurisdicción militar y los principios del estado de derecho-- Impacto de la jurisdicción militar en la garantía y protección de los derechos fundamentales de los miembros de las Fuerzas Armadas (2020-2023). | ||
| 520 | _aLa investigación tiene como propósito principal analizar si la jurisdicción militar en la Repûblica Dominicana garantiza y protege efectivamente los derechos fundamentales de los miembros de las Fuerzas Armadas durante el periodo 2020-2023. En un contexto donde las funciones militares deben desarrollarse bajo estrictos principios de legalidad, transparencia y respeto a la dignidad humana, esta examina la compatibilidad entre el marco normativo de la jurisdicción militar y los estándares nacionales e internacionales de derechos humanos. Se abordaron objetivos específicos: identificar la delación entre la jurisdicción militar y el marco legal vigente en materia de derechos fundamentales, Analizar la aplicación de los derechos humanos y fundamentales en los miembros de las Fuerzas Armadas, respecto a su base constitucional, uso de la fuerza y responsabilidad jurídica; y describir el impacto de la aplicación de la jurisdicción militar en la garantía y protección de los derechos fundamentales de los Miembros de las Fuerzas Armadas durante su desempeño en situaciones de seguridad y defensa nacional, en el periodo2020-2023. El enfoque metodológico fue cualitativo, con revisión documental de normativas nacionales, tratados internacionales, doctrina jurídica y jurisprudencia relevante. Se organizaron informes de organismos nacionales e internacionales que supervisan el cumplimiento de los derechos humanos en contextos militares. Los hallazgos evidencian que, si bien existen disposiciones legales que reconocen los derechos fundamentales de los miembros de las Fuerzas Armadas, persisten vacíos normativos, practicas restrictivas y limitaciones institucionales que dificultan una aplicación plena y efectiva de dichos derechos dentro de la jurisdicción militar. | ||
| 650 | 7 |
_2lemb _aJusticia militar _vTesis y disertaciones. _xProtección de los derechos fundamentales _xMarco legal _y2020-2023 _zRepública Dominicana |
|
| 650 | 7 |
_2lemb _aFuerzas Armadas _vTesis y disertaciones. _xDerechos humanos _xAplicación del derecho _y2020-2023 _zRepública Dominicana |
|
| 700 |
_aOvalles Mella, José _easesor de contenido |
||
| 700 | 1 |
_aEncarnación Gonzáles, Kelvin _easesor metodológico _d2025 |
|
| 710 | 1 | _aUniversidad Nacional para la Defensa "General Juan Pablo Duarte y Diez", | |
| 942 |
_2CL _cT |
||
| 999 |
_c8612 _d8612 |
||